Meilleurs Buteurs de Serie A 2023/2024 - Statistiques

Statistiques générales
  • Ce quiz a été pris 25 fois
  • Le résultat moyen est 6 sur 15
Statistiques - réponses
Nombres Réponse % Correct
24 Lautaro Martinez
91%
13 Marcus Thuram
82%
15 Olivier Giroud
77%
16 Dusan Vlahovic
73%
15 Victor Osimhen
64%
13 Paulo Dybala
55%
13 Hakan Calhanoglu
36%
13 Romelu Lukaku
32%
14 Albert Gudmundsson
23%
13 Duvan Zapata
23%
12 Gianluca Scamacca
23%
12 Christian Pulisic
18%
11 Joshua Zirkzee
18%
12 Koopmeiners
18%
12 Nicolas Gonzalez
14%
Aucun quiz correspondant
Distribution des résultats
% des personnes avec chaque résultat
Percentile par nombre de réponses
Votre historique - résultats
Vous n’avez pas pris ce quiz